000
00249 a2200097 4500
001
30949
100
_a
Syed Abdul Yahy
245
_a
Nazait-ul-Khawtir: Behjatul Masamigh wa Al Nawazir
260
_a
Lahore
_b
Maqbool academy
_c
090
_c
20840
_d
20840
942
_a
NUST-CAE
_c
M
_c
12048
999
_c
266022
_d
266022